|
|
|
|
| LEADER |
00000nam a2200000 a 4500 |
| 001 |
vtls010632273 |
| 003 |
SK-MaSNL |
| 005 |
20260302013444.0 |
| 008 |
240314s2014 xo g h 000 0bslo |
| 015 |
|
|
|a SNBA2014/11
|
| 020 |
|
|
|a 9788089628445
|q (brož.)
|
| 035 |
|
|
|a 7E5389C0-CCE1-4498-A71C-5DF753DD5AA9
|
| 035 |
|
|
|a urn:nbn:sk:snk-amjoxh
|
| 035 |
|
|
|a urn:nbn:sk:snk-am001rve
|
| 040 |
|
|
|a SNK
|b slo
|c SNK
|e AACR2
|
| 041 |
1 |
|
|a slo
|h eng
|
| 043 |
|
|
|a n-us---
|
| 044 |
|
|
|a xo
|c SK
|
| 072 |
|
7 |
|a 616
|x Patológia. Klinická medicína
|2 konspekt
|
| 072 |
|
7 |
|a 929
|x Biografie
|2 konspekt
|
| 080 |
|
|
|a 616.89-051
|2 2001
|
| 080 |
|
|
|a 616-036.884
|2 2011
|
| 080 |
|
|
|a 929
|2 2011
|
| 080 |
|
|
|a (73)
|2 2011
|
| 080 |
|
|
|a (0:82-32)
|2 2011
|
| 080 |
|
|
|a (092)
|2 2011
|
| 100 |
1 |
|
|a Ritchie, George G.,
|d 1923-2007
|4 aut
|9 164581
|
| 240 |
1 |
0 |
|a Return from Tomorrow
|l Slovensky
|
| 245 |
1 |
0 |
|a Návrat zo zajtrajška
|c George G. Ritchie s Elizabeth Sherrill ; [translation: Alexandra Szomolányiová]
|
| 260 |
|
|
|a [Bratislava]
|b Citadella
|c 2014
|
| 300 |
|
|
|a 143 s.
|b ilustr.
|c 19 cm
|
| 500 |
|
|
|a Miesto vyd. podľa ISBN
|
| 600 |
1 |
7 |
|a Ritchie, George G.,
|d 1923-2007
|2 SNKMA
|9 164581
|
| 650 |
0 |
7 |
|a psychiatri
|z Spojené štáty americké
|2 SNKPH
|9 656804
|
| 650 |
0 |
7 |
|a Zdanlivá smrť
|2 SNKPH
|9 317991
|
| 650 |
0 |
7 |
|a Psychiatrists
|z United States
|2 SNKPHeng
|9 656805
|
| 650 |
0 |
7 |
|a Apparent death
|2 SNKPHeng
|9 317993
|
| 655 |
|
7 |
|a skutočné príbehy
|2 SNKPH
|9 86728
|
| 655 |
|
7 |
|a biografie
|2 SNKPH
|9 27965
|
| 655 |
|
7 |
|a Stories
|2 SNKPHeng
|9 265785
|
| 655 |
|
7 |
|a Biography
|2 SNKPHeng
|9 266314
|
| 700 |
1 |
|
|a Sherrill, Elizabeth,
|d 1928-
|4 aut
|9 125887
|
| 700 |
1 |
|
|a Szomolányiová, Alexandra
|4 trl
|9 656541
|
| 852 |
|
|
|a Štátna vedecká knižnica v Banskej Bystrici
|
| 919 |
|
|
|a 978-80-89628-44-5
|
| 958 |
|
|
|a OP
|
| 958 |
|
|
|a MI
|
| 958 |
|
|
|a BC
|
| 968 |
|
|
|b ENG
|
| 999 |
|
|
|c 1013024
|d 1014954
|
| 952 |
|
|
|a SNK
|b SNK
|y PREZ
|7 0
|p 17A1116013
|o snkSD 83625
|i snk2014/23727
|8 0
|0 0
|1 0
|4 0
|d 2014-10-31
|f 1
|l 0
|r 2017-06-30 00:00:00
|w 2026-02-24
|
| 952 |
|
|
|a SNK
|b SNK
|y VYP
|7 0
|p 17A1116014
|o snkSD 83625 D1
|i snk2014/23728
|8 0
|0 0
|1 0
|4 0
|d 2014-10-31
|l 0
|r 2017-06-30 00:00:00
|w 2026-02-24
|